[Event "Winter 2018 CCCSA-IM"]
[Site "Charlotte"]
[Date "2018.01.11"]
[Round "1"]
[White "Yu, Jennifer"]
[Black "Ng, Gary"]
[Result "1-0"]
[WhiteElo "2355"]
[BlackElo "2272"]
[Annotator "TA"]
[PlyCount "81"]
[EventDate "2018.01.11"]
[EventType "tourn"]
[EventCountry "USA"]
[SourceTitle "playchess.com"]
[Source "ChessBase"]
[SourceQuality "1"]

{[%evp 10,81,60,45,58,62,77,61,70,63,65,54,100,19,38,-3,43,49,38,39,56,41,35,34,40,0,60,55,38,52,81,67,108,105,213,204,245,257,273,271,412,418,411,412,586,589,558,550,656,650,646,644,647,645,592,621,610,602,665,585,574,577,679,664,719,714,930,914,5327,5598,5098,4530,6871,6695]} 1. c4 e5 2. Nc3 Nf6 3. Nf3 Nc6 4. e3 d6 5. d4 {[%cal Bd2d4,Bd4d5][%mdl 32]} Bg4 6. Be2 g6 {A28: English Opening: Four Knights Variation} (6... Be7 7. h3 Bh5 8. d5 Nb8 9. e4 O-O 10. Be3 Bxf3 11. Bxf3 Nfd7 12. Qd2 h6 13. O-O Bg5 14. b4 b6 {½-½ (33) Banikas,H (2572)-Socko,B (2631) Beijing 2008}) 7. h3 Bf5 $146 ({Predecessor:} 7... Bd7 8. b3 Bg7 9. dxe5 Ng8 10. O-O dxe5 11. Ba3 Nge7 12. Qc2 Bf5 13. e4 Be6 14. Rad1 {1-0 (41) Filguth,R (2380)-Quinteros,M (2530) Corrientes 1985}) 8. d5 Ne7 {White is slightly better.} 9. g4 Bd7 10. g5 Nfg8 11. Ne4 (11. e4 $16) 11... Bg7 12. c5 (12. h4 {is interesting.} h6 13. Rg1 f5 14. gxf6 Nxf6 15. Nxf6+ Bxf6 16. e4) 12... f5 (12... Nxd5 {with more complications.} 13. Qxd5 Bc6 14. Nxd6+ cxd6 15. Qxd6 Ne7) 13. gxf6 Nxf6 14. Nxf6+ Bxf6 15. cxd6 $1 cxd6 16. e4 Qb6 {Threatening ...Qb4+.} 17. Qb3 (17. Bh6 {is more complex.} Ng8 18. Be3 Qa5+ 19. Nd2 Be7 20. Bg4) 17... Nc8 (17... Qxb3 $11 18. axb3 O-O) 18. Be3 $14 Qxb3 19. axb3 Bd8 20. h4 {[%cal Bh3h4,Bh4h5,Bh5h6,Bh6g7][%mdl 32]} Bb6 21. Bh6 Bc5 (21... Bg4 $16 {keeps fighting.}) 22. Ng5 Bb4+ {[#]} 23. Kd1 $1 Bc5 24. h5 Ne7 (24... Nb6 $142 25. Bg7 Rg8) 25. Bg7 $18 Rg8 26. h6 Rxg7 (26... Rd8 $142 27. Kd2 Bd4 28. Nxh7 Rxg7 29. hxg7 Kf7 30. Ng5+ Kf6) 27. hxg7 {White is clearly winning.} h5 28. Rc1 a5 29. Rc3 O-O-O 30. Nf7 Rg8 31. Nxd6+ Kc7 32. Nxb7 Kxb7 33. Rxc5 Kb6 34. Rc3 Rxg7 35. Kd2 Rf7 36. Ke3 Nc8 37. Rhc1 Ne7 38. Rc7 Ng8 {[#]} 39. R1c6+ $1 Bxc6 40. Rxf7 Bb7 41. Rg7 {Precision: White = 78%, Black = 25%.} 1-0

[Event "Winter 2018 CCCSA-IM"]
[Site "Charlotte"]
[Date "2018.01.11"]
[Round "1"]
[White "Hong, Andrew"]
[Black "Wang, Wesley"]
[Result "1/2-1/2"]
[WhiteElo "2327"]
[BlackElo "2226"]
[Annotator "ChessBase"]
[PlyCount "67"]
[EventDate "2018.01.11"]
[EventType "tourn"]
[EventCountry "USA"]
[SourceTitle "playchess.com"]
[Source "ChessBase"]
[SourceQuality "1"]
[TimeControl "5400+30"]

1. e4 e5 2. Nf3 Nc6 3. Bb5 a6 4. Ba4 Nf6 5. O-O Be7 6. Re1 b5 7. Bb3 O-O 8. a4 b4 9. d4 d6 10. dxe5 Nxe5 11. Nxe5 dxe5 12. Qe2 Bb7 13. f3 Bc5+ 14. Be3 Qe7 15. Nd2 a5 16. Bc4 Nd7 17. Nb3 Bxe3+ 18. Qxe3 Bc6 19. Be2 Nb6 20. Qc5 Qxc5+ 21. Nxc5 Nd7 22. Nxd7 Bxd7 23. Bc4 Rfd8 24. Red1 Be6 25. Bxe6 fxe6 26. Kf2 Kf8 27. Ke2 Rd6 28. Rd3 Ke7 29. Rad1 Kd7 30. b3 Rb8 31. c3 bxc3 32. Rxc3 Rxd1 33. Kxd1 Kd6 34. Kc2 1/2-1/2

[Event "Winter 2018 CCCSA-IM"]
[Site "Charlotte"]
[Date "2018.01.11"]
[Round "1"]
[White "Moon, Benjamin"]
[Black "Young, Angelo"]
[Result "1-0"]
[WhiteElo "2317"]
[BlackElo "2273"]
[Annotator "ChessBase"]
[PlyCount "33"]
[EventDate "2018.01.11"]
[EventType "tourn"]
[EventCountry "USA"]
[SourceTitle "playchess.com"]
[Source "ChessBase"]
[SourceQuality "1"]
[TimeControl "5400+30"]

1. d4 c5 2. dxc5 e6 3. Nc3 Nf6 4. e4 Bxc5 5. e5 Qb6 6. exf6 Bxf2+ 7. Ke2 Bxg1 8. Rxg1 Qxg1 9. Qd6 gxf6 10. Be3 Qh1 11. Ne4 b6 12. Nxf6+ Kd8 13. Bg5 Ba6+ 14. Kf2 h6 15. Bh4 Bb7 16. Nd5+ Kc8 17. Qc7# 1-0

[Event "Winter 2018 CCCSA-IM"]
[Site "Charlotte"]
[Date "2018.01.11"]
[Round "1"]
[White "Jacobson, Aaron"]
[Black "Stremavicius, Titas"]
[Result "0-1"]
[WhiteElo "2282"]
[BlackElo "2432"]
[Annotator "TA"]
[PlyCount "130"]
[EventDate "2018.01.11"]
[EventType "tourn"]
[EventCountry "USA"]
[SourceTitle "playchess.com"]
[Source "ChessBase"]
[SourceQuality "1"]

{[%evp 17,130,38,35,26,17,11,59,0,6,0,24,15,24,24,21,0,0,14,24,-62,-54,-66,-49,-98,-92,-124,-45,-123,-28,-37,0,-100,-106,-139,-147,-144,-141,-135,-135,-202,-188,-252,-255,-247,-211,-207,-218,-319,-312,-400,-391,-389,-377,-663,-625,-608,-621,-614,-630,-546,-581,-676,-450,-637,-442,-745,-744,-738,-722,-679,-639,-757,-760,-760,-755,-752,-745,-747,-725,-753,-753,-745,-738,-738,0,-731,0,-723,-719,-710,-629,-705,-643,-705,-705,-705,-697,-696,0,-668,0,-668,-668,-679,-567,-29973,-29974,-29973,-29974,-29973,-29974,-29969,-29971,-29956,-12043]} 1. e4 c5 2. Nf3 d6 3. c3 Nf6 4. h3 g6 5. Bd3 Bg7 6. O-O O-O 7. Bc2 b6 {B50: Sizilianisch (Verschiedenes mit 2...d6)} 8. d4 Bb7 9. Re1 Na6 {LiveBook: 3 Partien. Weiß steht etwas besser.} 10. a3 Rc8 11. Qe2 $146 ({Vorgänger:} 11. Bg5 Qc7 12. Bd3 e5 13. dxe5 dxe5 14. Nbd2 h6 15. Bxf6 Bxf6 {1-0 (46) Kryvoruchko,Y (2598)-Grekh,A (2333) Cappelle-la-Grande 2010}) 11... Nd7 12. b4 (12. d5 $14) 12... Nc7 $11 13. Bb3 e5 {[%cal Re5d4]} 14. dxc5 dxc5 15. Bg5 Qe8 16. Rd1 h6 17. Bh4 Ba6 18. Bc4 (18. Qd2 $11 Nb8 19. Qe3) 18... Bxc4 $15 19. Qxc4 b5 $36 {[%mdl 2048] Schwarz hat Druck.} 20. Qd3 Nb6 {[%cal Bd7b6,Bb6a4,Ba4c3][%mdl 32]} 21. Nbd2 Ne6 (21... c4 $17 22. Qc2 f5 23. exf5 gxf5) 22. Qe3 ({Besser ist} 22. Bg3 $15) 22... cxb4 (22... f5 $17 {...f4 ist eine echte Drohung.} 23. exf5 Nd5) 23. axb4 $11 Na4 24. Qxa7 (24. Rdc1 $11) 24... Rxc3 25. Qb7 Rc7 26. Qa6 Qc8 27. Qxc8 Rfxc8 28. Nf1 (28. Kh2 $17) 28... Nc3 $19 29. Rd3 (29. Re1 {war nötig.}) 29... Nxe4 30. Re1 Rc4 31. Ne3 {[#]} Rc1 $1 ({Schwächer ist} 31... Rxb4 32. Nd5 $14) 32. Nd1 (32. Rdd1 {ist eine bessere Verteidigung.} Rxd1 33. Nxd1) 32... f5 33. Rd5 Nd4 34. Nxd4 exd4 {[%cal Be5d4,Bd4c3][%mdl 32]} 35. Kf1 $2 {[#]} (35. f3 Nc3 36. Nxc3 Rxe1+ 37. Bxe1 dxc3 38. Kh2) 35... Nc3 36. Nxc3 Rxe1+ ({Weniger gut wäre} 36... R8xc3 37. Bg3 $17) (36... R1xc3 37. Be7 $15) 37. Kxe1 dxc3 38. Rd8+ Rxd8 39. Bxd8 {[%mdl 4096] Endspiel KL-KL} Bf8 40. Ba5 (40. Kd1 $142 Bxb4 41. Kc2) 40... Kf7 41. Ke2 (41. Kd1 $142 Ke6 42. Kc2) 41... Ke6 42. Kd3 Bg7 43. Bc7 Kd5 44. Kc2 Kc4 45. Bd6 Bd4 46. f3 h5 47. Be7 Be3 48. Bd6 Bd2 49. Be7 Be1 50. Bd6 Bd2 51. Be7 $1 Be3 52. Bd6 $1 Bb6 53. Be7 Kd4 54. Bd6 Kd5 55. Be7 Kc4 56. Bd6 Bf2 57. Be7 Be1 $2 ({Lieber} 57... Bd4 $19 58. g4 hxg4 59. hxg4 fxg4 60. fxg4 Bg7) 58. Bf8 $2 {[%mdl 8192]} (58. Bd6 $11) 58... Bd2 59. Be7 $1 g5 60. Bf8 g4 61. Be7 gxh3 {Schwarz setzt Matt.} 62. gxh3 Kd4 63. Bc5+ Ke5 64. Kd3 Kf4 65. Ke2 Kg3 {Precision: Weiß = 40%, Schwarz = 61%.} 0-1

[Event "Winter 2018 CCCSA-IM"]
[Site "Charlotte"]
[Date "2018.01.11"]
[Round "1"]
[White "Wang, Tianqi"]
[Black "Montalvo Rosario, Alejandro"]
[Result "1-0"]
[WhiteElo "2276"]
[BlackElo "2183"]
[Annotator "ChessBase"]
[PlyCount "65"]
[EventDate "2018.01.11"]
[EventType "tourn"]
[EventCountry "USA"]
[SourceTitle "playchess.com"]
[Source "ChessBase"]
[SourceQuality "1"]
[TimeControl "5400+30"]

1. d4 Nf6 2. Bf4 g6 3. e3 Bg7 4. Nf3 d6 5. Be2 O-O 6. O-O Nc6 7. c3 Qe8 8. Nbd2 e5 9. dxe5 dxe5 10. Bg5 h6 11. Bxf6 Bxf6 12. e4 Be6 13. a4 a5 14. Bc4 Bxc4 15. Nxc4 Qe6 16. Ne3 Ne7 17. Qe2 Bg5 18. Nc4 Nc6 19. h4 Be7 20. Ne3 f5 21. Nd5 Bd6 22. Rad1 Rf7 23. h5 fxe4 24. Nh2 Raf8 25. hxg6 Qxg6 26. Qc4 Kh8 27. Rde1 Rg8 28. Qxe4 Qh5 29. Kh1 Bc5 30. f4 exf4 31. Nxf4 Rxf4 32. Rxf4 Bd6 33. Rh4 1-0

[Event "Winter 2018 CCCSA-IM"]
[Site "Charlotte"]
[Date "2018.01.12"]
[Round "2"]
[White "Stremavicius, Titas"]
[Black "Wang, Tianqi"]
[Result "1-0"]
[WhiteElo "2432"]
[BlackElo "2276"]
[Annotator "TA"]
[PlyCount "65"]
[EventDate "2018.01.11"]
[EventType "tourn"]
[EventCountry "USA"]
[SourceTitle "playchess.com"]
[Source "ChessBase"]
[SourceQuality "1"]

{[%evp 10,65,12,-15,25,18,49,56,48,47,31,36,45,33,61,8,35,35,47,28,117,114,127,120,122,66,64,75,119,0,0,0,3,0,33,18,17,25,93,31,181,170,195,169,315,315,507,496,490,459,938,912,1110,894,891,873,896,897]} 1. c4 c6 2. Nf3 Nf6 3. b3 d5 4. Bb2 Bf5 5. d3 e6 6. Nh4 {LiveBook: 4 Games. A12: English Opening: 1...c6 with b3 by White} (6. Nbd2 Nbd7 7. Nh4 Bg4 8. h3 Bh5 9. g4 Bg6 10. Bg2 Bd6 11. a3 a5 12. Ndf3 Qe7 13. Nd4 Nf8 14. e3 {1-0 (72) Bogdanovich,S (2591)-Mammadov,Z (2437) Baku 2016}) 6... Bg4 7. Nd2 $146 ({Predecessor:} 7. h3 Bb4+ 8. Nd2 dxc4 9. bxc4 Ne4 10. dxe4 Qxh4 11. Bxg7 Rg8 12. g3 Qe7 13. Bh6 Bh5 {1-0 (52) Ivanov,M (2421)-Anagnostopoulos,K (2201) Heraklion 2017}) 7... Bd6 8. h3 {White is slightly better.} Bh5 9. g4 Bg6 10. e3 O-O 11. Nxg6 hxg6 12. d4 (12. g5 $14 Nfd7 13. h4) 12... Nbd7 (12... Bb4 $5 {[%cal Rf6e4]} 13. Bg2 Ne4 14. Bxe4 dxe4 $11) 13. Bg2 Qe7 14. f4 b5 {[#]} (14... Ba3 $11 15. Bxa3 Qxa3) 15. c5 $1 $16 {[%cal Rc5d6]} Bc7 16. Qc2 a5 17. a4 (17. a3 $16) 17... bxa4 $14 18. Rxa4 g5 19. O-O (19. fxg5 $16 Nh7 20. h4) 19... gxf4 20. exf4 Rfe8 21. Bc1 Nh7 22. g5 Nhf8 23. Nf3 f6 (23... Rab8 $11 {remains equal.}) 24. Bd2 (24. Rf2 $16) 24... e5 (24... Qf7 $14) 25. gxf6 $18 gxf6 {next ...e4 is good for Black.} 26. fxe5 fxe5 (26... Qh7 {was worth a try.} 27. Qxh7+ Nxh7) 27. dxe5 {[#] Threatens to win with Rg4+.} Nxe5 $2 (27... Qxc5+ 28. Qxc5 Nxc5) 28. Nxe5 {White is clearly winning.} Bxe5 29. Rg4+ Kh8 (29... Bg7 $142 30. Bh6 Ne6) 30. Rf5 Qh7 31. Bg5 Qg7 32. Be3 Qh7 33. Qf2 {Precision: White = 65%, Black = 14%.} 1-0

[Event "Winter 2018 CCCSA-IM"]
[Site "Charlotte"]
[Date "2018.01.11"]
[Round "2"]
[White "Hong, Andrew"]
[Black "Jacobson, Aaron"]
[Result "0-1"]
[WhiteElo "2327"]
[BlackElo "2282"]
[Annotator "TA"]
[PlyCount "116"]
[EventDate "2018.01.11"]
[EventType "tourn"]
[EventCountry "USA"]
[SourceTitle "playchess.com"]
[Source "ChessBase"]
[SourceQuality "1"]

{[%evp 18,116,27,21,60,43,55,48,52,45,56,41,95,31,87,29,33,0,0,0,23,24,14,-31,-27,-19,-18,-25,-16,-25,-4,-54,-60,-56,-40,-75,-61,-106,-114,-121,-111,-123,-133,-156,-139,-129,-114,-151,-151,-172,-166,-168,-175,-179,-172,-175,-182,-182,-182,-182,-182,-177,-171,-171,-171,-171,-171,-499,-502,-640,-636,-631,-616,-613,-610,-603,-585,-1023,-1251,-1177,-1156,-1061,-1022,-1055,-1135,-1095,-944,-2584,-2367,-12822,-6137,-29972,-12845,-29990,-29980,-29993,-29994,-29995,-29996,-29996,-29997]} 1. e4 e5 2. Nf3 Nc6 3. Bb5 a6 4. Ba4 Nf6 5. O-O Be7 6. Re1 b5 7. Bb3 d6 8. c3 O-O 9. h3 Na5 10. Bc2 d5 {C96: Closed Ruy Lopez: Chigorin Defence: 11 d4, replies other than 11...Qc7} (10... c5 11. d4 Nd7 12. d5 Nb6 13. Nbd2 Bd7 14. Nf1 Nb7 15. N3h2 c4 16. f4 exf4 17. Bxf4 Bg5 18. Bxg5 Qxg5 19. Nf3 Qe7 20. e5 dxe5 21. Nxe5 {1-0 (55) Motylev,A (2675)-Howell,D (2676) London 2017}) 11. d4 Nxe4 12. Nxe5 f6 {White is slightly better.} 13. Nd3 Bd6 14. Nd2 f5 (14... Nxd2 $14 15. Bxd2 Bf5) 15. f3 {[#]} ({White should play} 15. a4 $16) 15... Ng3 $146 (15... Qh4 $14) ({Predecessor:} 15... Qh4 16. Nf1 Nc4 17. Qe2 Ng3 18. Qf2 {½-½ (82) Medina Diaz,R (2284)-Becerra Rivero,J (2550) Villahermosa 2016}) 16. Ne5 (16. a4 $16) 16... f4 $11 17. Nf1 Qh4 18. Qd2 Nxf1 19. Kxf1 Nc4 20. Qf2 Qxf2+ 21. Kxf2 Nxe5 22. dxe5 Be7 $36 {[%mdl 2048] [#] aiming for ...Bh4+. White is under pressure.} 23. Rd1 Be6 24. b3 a5 25. a3 c5 {[%cal Bc7c5,Bc5c4][%mdl 32]} 26. Bb2 Bd8 27. b4 c4 28. bxa5 Rxa5 29. Kf1 Bc7 30. Rab1 Kf7 ({But not} 30... Bxe5 31. Re1 $15) 31. Re1 h6 32. Bc1 g5 33. a4 Rb8 34. Ba3 bxa4 35. Rxb8 Bxb8 36. Rb1 Bxe5 {Threatens to win with ...Ra7.} 37. Rb7+ Kg8 38. Re7 Ra6 39. Bh7+ Kh8 40. Bf5 Bxf5 41. Rxe5 $19 {[%mdl 4096] Endgame KRB-KRB} Be6 42. Bc5 $2 {[#]} (42. Re2 {is tougher.}) 42... a3 {[%cal Ba4a3,Ba3a2][%mdl 32]} 43. Bd4 Kg8 44. Re1 a2 45. Ra1 Bf5 46. Ke2 Bb1 47. Kd2 Re6 48. Kd1 Kf7 49. Bc5 Ke8 50. Bd4 Kd7 51. Bc5 Kc6 52. Bd4 Kb5 53. Kd2 Ka4 54. Kc1 Kb3 55. Bf2 Re2 {Black mates.} 56. Bh4 gxh4 57. Rxa2 Rxa2 58. Kd1 Kxc3 {Precision: White = 35%, Black = 80%.} 0-1

[Event "Winter 2018 CCCSA-IM"]
[Site "Charlotte"]
[Date "2018.01.11"]
[Round "2"]
[White "Ng, Gary"]
[Black "Moon, Benjamin"]
[Result "0-1"]
[WhiteElo "2272"]
[BlackElo "2317"]
[Annotator "TA"]
[PlyCount "80"]
[EventDate "2018.01.11"]
[EventType "tourn"]
[EventCountry "USA"]
[SourceTitle "playchess.com"]
[Source "ChessBase"]
[SourceQuality "1"]

{[%evp 24,80,28,43,38,36,25,27,37,32,35,12,56,54,68,65,75,72,95,0,100,96,83,0,0,-6,0,-5,35,-34,-34,-51,-49,-55,-56,-120,-117,-116,-112,-102,-100,-152,-138,-147,-123,-126,-100,-184,-175,-179,-178,-221,-230,-212,-197,-1080,-1060,-29987,-29988]} 1. Nf3 g6 2. e4 c5 3. d4 cxd4 4. Nxd4 Nc6 5. c4 Nf6 6. Nc3 Nxd4 7. Qxd4 d6 8. Be3 Bg7 9. Be2 O-O 10. Qd2 a5 {B36: Sicilian: Maroczy Bind: Gurgenidze System} 11. f3 a4 12. Kf2 Qa5 13. Rac1 {LiveBook: 4 Games} Be6 14. Nd5 Bxd5 15. Qxa5 Rxa5 16. cxd5 e6 {[#]} 17. Bf4 $146 ({Predecessor:} 17. dxe6 fxe6 18. Ke1 {1-0 (125) McShane,L (2640)-Jones,G (2654) London 2017}) 17... Ne8 18. Bd2 Bd4+ 19. Kg3 Rc5 20. Rxc5 dxc5 21. Bc3 (21. dxe6 $16 fxe6 22. Rc1) 21... Nd6 (21... Bxc3 $11 {remains equal.} 22. bxc3 exd5) 22. Bxd4 $16 cxd4 {[%mdl 4096] Endgame KRB-KRN} 23. Rc1 (23. dxe6 $16 fxe6 24. Rc1) 23... exd5 $11 24. exd5 Re8 25. Kf2 a3 26. b3 (26. bxa3 $14 Re3 27. a4) 26... Kf8 $15 27. g4 Ke7 28. Rd1 Rc8 $1 {[%cal Rc8c2] Strongly threatening ...Rc2.} 29. Rxd4 (29. Bd3 $1 $15) 29... Rc2 $17 30. Ke3 Rxa2 {aiming for ...b5.} 31. Ra4 Ra1 32. b4 (32. h4 $142) 32... Nc8 33. Ra5 Kd6 34. Bc4 h5 {[%cal Bh7h5,Bh5h4][%mdl 32]} 35. Bb3 {[#]} (35. gxh5 $17 gxh5 36. h3) 35... h4 $1 $19 36. Kf4 f6 {[%cal Bf7f6,Bf6f5][%mdl 32]} 37. g5 {[#]} f5 $1 38. Ra8 Nb6 39. Ra5 $2 (39. Rd8+ Kc7 40. Rg8) 39... Rb1 40. Rxa3 Rxb3 {Precision: White = 30%, Black = 89%.} 0-1

[Event "Winter 2018 CCCSA-IM"]
[Site "Charlotte"]
[Date "2018.01.12"]
[Round "2"]
[White "Wang, Wesley"]
[Black "Young, Angelo"]
[Result "1/2-1/2"]
[WhiteElo "2226"]
[BlackElo "2273"]
[Annotator "TA"]
[PlyCount "61"]
[EventDate "2018.01.11"]
[EventType "tourn"]
[EventCountry "USA"]
[SourceTitle "playchess.com"]
[Source "ChessBase"]
[SourceQuality "1"]

{[%evp 17,61,73,110,72,111,110,124,118,172,140,164,60,59,45,45,40,36,58,47,30,22,22,28,22,22,22,22,22,22,22,22,22,22,22,22,22,21,22,70,28,26,1,0,4,10,2]} 1. e4 c5 2. Nf3 d6 3. d4 cxd4 4. Nxd4 e6 5. c4 Nf6 6. Nc3 Be7 7. Be2 O-O 8. O-O Na6 9. Be3 Nc5 10. f3 {B54: Sicilian: 2...d6 3 d4 cxd4 4 Nxd4, Unusual Lines} a5 $146 ({Predecessor:} 10... Qb6 11. Rb1 a5 12. Ndb5 Bd7 13. Qd2 a4 14. Rfd1 Ra6 15. b4 {Potter,R (2382)-Kremen,D (2105) USA 2000}) 11. Qd2 a4 12. Ndb5 {White is better.} Qb6 (12... e5 $16 {keeps fighting.}) 13. Rfd1 Ne8 14. b4 ({Better is} 14. Rab1 $18) 14... axb3 $14 15. axb3 Rxa1 16. Rxa1 {[#] Threatens to win with b4.} Nxb3 {White must now prevent ...Qd8.} 17. Bxb6 Nxd2 18. Ra3 d5 19. Ra8 Bd7 20. exd5 {Hoping for Ra7.} Nd6 21. Rxf8+ Kxf8 22. Nxd6 Bxd6 23. Ne4 Nxe4 24. fxe4 $11 {[%mdl 4096] Endgame KBB-KBB} f5 25. dxe6 Bxe6 26. exf5 Bxf5 27. Bf3 Bc8 28. h3 Bg3 29. Kf1 Be6 30. c5 Bc4+ 31. Kg1 {Precision: White = 49%, Black = 54%.} 1/2-1/2

[Event "Winter 2018 CCCSA-IM"]
[Site "Charlotte"]
[Date "2018.01.11"]
[Round "2"]
[White "Montalvo Rosario, Alejandro"]
[Black "Yu, Jennifer"]
[Result "0-1"]
[WhiteElo "2183"]
[BlackElo "2355"]
[Annotator "TA"]
[PlyCount "78"]
[EventDate "2018.01.11"]
[EventType "tourn"]
[EventCountry "USA"]
[SourceTitle "playchess.com"]
[Source "ChessBase"]
[SourceQuality "1"]

{[%evp 17,78,-1,-7,-15,-14,-44,-8,-33,-41,-80,-82,-85,-87,-79,-70,-89,-65,-64,-65,-56,-40,-101,-99,-102,-84,-88,-55,-54,-64,-63,-16,-100,-86,-89,-83,-167,-167,-136,-131,-118,-12,-316,-317,-366,-359,-587,-584,-678,-704,-702,-672,-677,-631,-864,-845,-787,-733,-939,-1161,-3390,-2993,-2191,-1953]} 1. d4 d5 2. Bf4 Nf6 3. e3 e6 4. Bd3 Bd6 5. Bg3 c5 6. c3 Nc6 7. Nf3 {[%cal Bg1f3,Bf3e5,Be5d7][%mdl 32]} O-O 8. Nbd2 b6 9. Ne5 Bb7 10. f4 {D02: 1 d4 d5 2 Nf3 sidelines, including 2...Nf6 3 g3 and 2...Nf6 3 Bf4} (10. O-O Qc7 11. f4 Ne7 12. Qb1 Qc8 13. Bh4 Nf5 14. Bxf5 exf5 15. Bxf6 gxf6 16. Nef3 Qe6 17. Re1 Ba6 18. Nh4 cxd4 19. exd4 {1-0 (28) Korobov,A (2692)-Dominguez Perez,L (2739) Doha 2016}) 10... Ne7 11. Bh4 Nf5 12. Bxf5 {The position is equal.} exf5 13. Bxf6 $146 ({Predecessor:} 13. Rg1 Be7 14. Bxf6 Bxf6 15. Qf3 Be7 16. O-O-O f6 17. Nd3 Qd7 {0-1 (50) Kurstjens,L (2137)-Noiroux,K (2230) Maastricht 2013}) 13... Qxf6 14. Nd7 Qe7 15. Nxf8 cxd4 16. cxd4 Bxf4 ({Worse is} 16... Rxf8 17. Kf2 $16) 17. Qf3 Bxe3 {[#] Threatens to win with ...Rc8.} 18. O-O-O $1 Rxf8 $40 {[%mdl 128] White needs to defend precisely.} 19. Kb1 (19. Rhe1 $1 $15 Qc7+ 20. Kb1 Bxd4 21. Qxf5) 19... Bxd4 20. Qxf5 g6 21. Qf4 Be3 22. Rhe1 $1 {[%cal Re1e3]} Re8 {[%cal Bf8e8,Be8c8,Bc8c2][%mdl 32]} 23. Qa4 d4 {[%cal Bd5d4,Bd4e3,Be3e2][%mdl 32]} 24. Nc4 (24. Nb3 $11 {remains equal.}) 24... Rc8 25. Nxe3 dxe3 26. Rd7 (26. Qf4 $17 {was worth a try.} e2 27. Rd2) 26... Qe4+ $19 27. Qxe4 Bxe4+ {[%mdl 4096] Endgame KRR-KRB} 28. Ka1 Rc2 (28... f5 $17 29. g3 {[#]} e2 $1 {[%mdl 512]}) 29. b3 $2 {[%mdl 8192]} (29. a4 $11 {and White has nothing to worry.}) 29... e2 ({Inferior is} 29... Rxg2 30. Rxe3 Rg1+ 31. Kb2 $14) 30. g3 a5 31. a4 $2 (31. Re7 {might work better.} Rd2 32. Rxe4 (32. Re8+ $2 Kg7 $19) 32... Rd1+ 33. Kb2 Rxe1 34. Re3) 31... Kf8 {Black is clearly winning.} 32. Rd4 f5 33. Rd7 Ke8 34. Rd4 Ke7 35. b4 Ke6 36. bxa5 bxa5 37. Rd8 g5 38. Rd4 Ke5 39. Rd8 f4 {Precision: White = 22%, Black = 71%.} 0-1

[Event "Winter 2018 CCCSA-IM"]
[Site "Charlotte"]
[Date "2018.01.12"]
[Round "3"]
[White "Yu, Jennifer"]
[Black "Stremavicius, Titas"]
[Result "1/2-1/2"]
[WhiteElo "2355"]
[BlackElo "2432"]
[Annotator "TA"]
[PlyCount "34"]
[EventDate "2018.01.11"]
[EventType "tourn"]
[EventCountry "USA"]
[SourceTitle "playchess.com"]
[Source "ChessBase"]
[SourceQuality "1"]

{[%evp 17,18,21,22]} 1. d4 d5 2. c4 e6 3. Nc3 Nf6 4. cxd5 exd5 5. Bg5 Nbd7 6. e3 c6 7. Bd3 Be7 8. Qc2 h6 9. Bh4 Nh5 {LiveBook: 72 Games} {Predecessor:} 10. Bxe7 $146 Qxe7 11. O-O-O Nb6 12. Kb1 Nf6 13. Rc1 Be6 14. Nf3 O-O-O 15. Na4 Nfd7 16. Nc5 Nxc5 17. dxc5 Nc4 {1-0 (45) Rodshtein,M (2695)-Brunello,S (2555) Douglas 2017} 1/2-1/2

[Event "Winter 2018 CCCSA-IM"]
[Site "Charlotte"]
[Date "2018.01.12"]
[Round "3"]
[White "Moon, Benjamin"]
[Black "Montalvo Rosario, Alejandro"]
[Result "1-0"]
[WhiteElo "2317"]
[BlackElo "2183"]
[Annotator "ChessBase"]
[PlyCount "67"]
[EventDate "2018.01.11"]
[EventType "tourn"]
[EventCountry "USA"]
[SourceTitle "playchess.com"]
[Source "ChessBase"]
[SourceQuality "1"]
[TimeControl "5400+30"]

1. d4 Nf6 2. Bf4 g6 3. Nf3 Bg7 4. e3 O-O 5. Be2 d6 6. h3 Nc6 7. O-O e5 8. Bh2 Nd7 9. c4 f5 10. Nc3 e4 11. Nd2 Nf6 12. Rb1 Ne7 13. b4 g5 14. Qc2 Ng6 15. d5 Ne5 16. c5 g4 17. Bxe5 dxe5 18. hxg4 Nxg4 19. Bxg4 fxg4 20. Ndxe4 Qh4 21. Ng3 Bd7 22. b5 Rf6 23. c6 Raf8 24. cxd7 Rh6 25. Rfd1 Qh2+ 26. Kf1 Qxg3 27. Ne4 Qxe3 28. Kg1 Qf4 29. Rb3 Qh2+ 30. Kf1 Bf6 31. Rg3 Rg6 32. Rxg4 Rxg4 33. Nxf6+ Rxf6 34. d8=Q+ 1-0

[Event "Winter 2018 CCCSA-IM"]
[Site "Charlotte"]
[Date "2018.01.12"]
[Round "3"]
[White "Jacobson, Aaron"]
[Black "Wang, Wesley"]
[Result "0-1"]
[WhiteElo "2282"]
[BlackElo "2226"]
[Annotator "ChessBase"]
[PlyCount "74"]
[EventDate "2018.01.11"]
[EventType "tourn"]
[EventCountry "USA"]
[SourceTitle "playchess.com"]
[Source "ChessBase"]
[SourceQuality "1"]
[TimeControl "5400+30"]

1. e4 e5 2. Nf3 Nc6 3. Bb5 a6 4. Ba4 Nf6 5. O-O Be7 6. Re1 b5 7. Bb3 O-O 8. a4 b4 9. d4 d6 10. dxe5 dxe5 11. Qe2 Bg4 12. Qe3 Bxf3 13. Qxf3 Nd4 14. Qd3 Nxb3 15. Qxb3 Nxe4 16. Qc4 Nc5 17. Rxe5 Qd1+ 18. Qf1 Qxc2 19. Re2 Qg6 20. Re3 Bf6 21. Nd2 Rad8 22. Qc4 Bd4 23. Re2 Qd3 24. Qxd3 Nxd3 25. Nf3 Bf6 26. Rc2 c5 27. Rb1 b3 28. Re2 c4 29. Kf1 Rfe8 30. Be3 Nxb2 31. Rexb2 Bxb2 32. Rxb2 c3 33. Rxb3 c2 34. Rc3 Rxe3 35. fxe3 Rd1+ 36. Kf2 c1=Q 37. Rb3 Qc2+ 0-1

[Event "Winter 2018 CCCSA-IM"]
[Site "Charlotte"]
[Date "2018.01.12"]
[Round "3"]
[White "Wang, Tianqi"]
[Black "Hong, Andrew"]
[Result "1/2-1/2"]
[WhiteElo "2276"]
[BlackElo "2327"]
[Annotator "ChessBase"]
[PlyCount "31"]
[EventDate "2018.01.11"]
[EventType "tourn"]
[EventCountry "USA"]
[SourceTitle "playchess.com"]
[Source "ChessBase"]
[SourceQuality "1"]
[TimeControl "5400+30"]

1. d4 d5 2. Bf4 c5 3. e3 Nc6 4. c3 Nf6 5. Nf3 Qb6 6. Qc2 g6 7. Be2 Bg7 8. O-O O-O 9. h3 Nd7 10. Rd1 Rd8 11. Nbd2 e5 12. dxe5 Ndxe5 13. Nxe5 Nxe5 14. Nf3 Nxf3+ 15. Bxf3 Be6 16. Rd2 1/2-1/2